| 000 | 00789cam a2200217 i 4500 | ||
|---|---|---|---|
| 001 | 23264731 | ||
| 005 | 20250207164823.0 | ||
| 006 | m |o d | | ||
| 007 | cr ||||||||||| | ||
| 008 | 150529s2016 paua ob 001 0 eng | ||
| 020 |
_a9781466687479 _qebook |
||
| 020 |
_z9781466687455 _qhbk. : alk. paper |
||
| 050 | 0 | 0 | _aHG181 |
| 082 | 0 | 0 |
_a332/.04150973 _223 |
| 245 | 0 | 0 |
_aAnalyzing the economics of financial market infrastructures / _cMartin Diehl, Biliana Alexandrova-Kabadjova, Richard Heuver, and Serafin Martinez-Jaramillo, [editors[. |
| 300 | _a1 online resource (xxvi, 410 pages) | ||
| 650 | 0 |
_aFinancial institutions _zUnited States. |
|
| 650 | 0 |
_aFinancial institutions _xLaw and legislation _zUnited States. |
|
| 700 | 1 |
_aDiehl, Martin, _eeditor. |
|
| 942 |
_2lcc _cBK _n0 |
||
| 999 |
_c3563 _d3563 |
||